000
00314nam a22001457a 4500
999
_c
54955
_d
54955
008
191030b ||||| |||| 00| 0 eng d
020
_a
9786082161785
041
_a
eng
080
_a
341
082
_a
341
100
_a
14
101
_a
JUR
245
_a
E Drejta Administrative
_c
Berisha.F
942
_2
udc
_c
BK